|
|
|
|
| LEADER |
01464nam a2200313 4500 |
| 001 |
0017030 |
| 003 |
BD-DhAAL |
| 005 |
20250417111012.0 |
| 008 |
230406t2008 bg a|||| b||| 001 0 eng d |
| 020 |
|
|
|a 9847001900257
|
| 040 |
|
|
|a BD-DhAAL
|d BD-DhAAL
|
| 082 |
|
|
|a 307.1216095492
|
| 100 |
|
|
|a Rahman, Golam,
|9 54023
|
| 245 |
|
|
|a Town planning and the political culture of planning in Bangladesh /
|c Golam Rahman.
|
| 250 |
|
|
|a First edition
|
| 260 |
|
|
|a Dhaka :
|b A.H. Development Pub. House,
|c 2008.
|
| 300 |
|
|
|a 466 pages ;
|c 23 cm
|
| 504 |
|
|
|a Includes bibliographical references (pages [459]-462) and index.
|
| 541 |
|
|
|a A H Development Publishing House, Donated by Akbar Ali Khan
|e 17030, 40340
|
| 650 |
|
|
|a City planning
|z Bangladesh.
|
| 650 |
|
|
|a City planning and redevelopment law
|z Bangladesh.
|9 54024
|
| 650 |
|
|
|a Rural development
|z Bangladesh.
|
| 650 |
|
|
|a Income distribution
|z Bangladesh.
|
| 651 |
|
|
|a Bangladesh
|x Economic policy.
|
| 852 |
|
|
|a Ayesha Abed Library
|
| 942 |
|
|
|2 ddc
|c BK
|
| 999 |
|
|
|c 45656
|d 45656
|
| 952 |
|
|
|0 0
|1 0
|2 ddc
|4 0
|6 307_121609549200000_RAH
|7 1
|9 73516
|a BRACUL
|b BRACUL
|c AAKC
|d 2023-04-06
|e Donated by Akbar Ali Khan
|g 850.00
|l 0
|o 307.1216095492 RAH
|p 3010040340
|r 2023-04-06
|t 1
|w 2023-04-06
|y BK
|x Price available in book Tk. 850.00
|
| 952 |
|
|
|0 0
|1 0
|2 ddc
|4 0
|6 307_121609549200000_RAH
|7 0
|9 75591
|a BRACUL
|b BRACUL
|c GEN
|d 2024-06-03
|e A H Development Publishing House
|g 850.00
|l 0
|o 307.1216095492 RAH
|p 3010017030
|r 2024-06-03
|t 1
|w 2024-06-03
|y BK
|